000
00306nam a22001457a 4500
003
SGT
082
_a
617, A14H
100
_a
HOLCOMB, GEORGE W.
245
_a
ASHCRAFT'S PEDIATRIC SURGERY
250
_a
6TH
260
_a
LONDON
_b
ELSEVIER
_c
2014
300
_a
1165
650
_a
SURGERY
942
_2
ddc
_c
BK
999
_c
8408
_d
8408